LEADER 00985nam0-2200325---450- 001 990008283920403321 005 20110428104020.0 010 $a3-631-51439-5 035 $a000828392 035 $aFED01000828392 035 $a(Aleph)000828392FED01 035 $a000828392 100 $a20060224d2004----km-y0itay50------ba 101 0 $aeng 102 $aDE 105 $aa---a---001yy 200 1 $aMiddle scots inflectional system in the south-west of Scotland$fJoanna Bugaj 210 $aFranfurt am Main$cLang$d2004 215 $a189 p.$d21 cm 225 1 $aStudies in english medieval language and literature$v8 610 0 $aLingua inglese$aDialetti$aScozia 676 $a427.9411 700 1$aBugaj,$bJoanna$0291314 801 0$aIT$bUNINA$c20060224$gRICA$2UNIMARC 901 $aBK 912 $a990008283920403321 952 $a427.9411 BUG 1$fFLFBC 959 $aFLFBC 996 $aMiddle scots inflectional system in the south-west of Scotland$9740433 997 $aUNINA LEADER 01713nam0 2200409 i 450 001 TO00327160 005 20251003044404.0 010 $a8815046771 020 $aIT$b95-3698 100 $a19960808d1994 ||||0itac50 ba 101 | $aita 102 $ait 181 1$6z01$ai $bxxxe 182 1$6z01$an 200 1 $aˆLa ‰mobilità sociale in Italia$fAntonio Cobalti, Antonio Schizzerotto 210 $aBologna$cIl mulino$d[1994] 215 $a290 p.$d21 cm 225 | $aStudi e ricerche$v339 300 $aSegue: Appendici. 410 0$1001CFI0001423$12001 $aStudi e ricerche$v339 606 $aRicambio sociale$xItalia$2FIR$3CFIC075186$9I 606 $aClassi sociali$xItalia$2FIR$3CFIC075187$9E 676 $a303.4094$9CAMBIAMENTO SOCIALE. EUROPA$v20 676 $a305.5$9CLASSI SOCIALI$v14 676 $a305.50945$9$v12 676 $a305.513$9MOBILITA SOCIALE$v21 676 $a305.5130945$9MOBILITA SOCIALE. Italia$v21 700 1$aCobalti$b, Antonio$3CFIV088453$4070$0124399 701 1$aSchizzerotto$b, Antonio$3CFIV079702$4070$0119985 801 3$aIT$bIT-000000$c19960808 850 $aIT-BN0095 901 $bNAP 01$cPOZZO LIB.$nVi sono collocati fondi di economia, periodici di ingegneria e scienze, periodici di economia e statistica e altri fondi comprendenti documenti di economia pervenuti in dono. 912 $aTO00327160 950 0$aBiblioteca Centralizzata di Ateneo$c1 v.$d 01POZZO LIB.ECON MON 8403$e 0101 0000091695E VMA 1 v. (22 cm. - Precedente collocazione: GUERRAZZI B 582)$fB $h20071119$i20071119 977 $a 01 996 $aMobilità sociale in Italia$965600 997 $aUNISANNIO